[Event "Pan American Intercollegiate-chT"]
[Site "Princeton"]
[Date "2012.12.30"]
[Round "6"]
[White "Zheng, Haotian"]
[Black "Veksler, Aleksander L"]
[Result "1/2-1/2"]
[WhiteElo "2109"]
[BlackElo "2250"]
[PlyCount "183"]
[EventDate "2012.12.27"]
[EventType "team-swiss"]
[EventRounds "6"]
[EventCountry "USA"]
[SourceTitle "CBM 152 Extra"]
[Source "ChessBase"]
[SourceDate "2013.02.25"]
[SourceVersion "1"]
[SourceVersionDate "2013.02.25"]
[SourceQuality "1"]
[WhiteTeam "Princeton"]
[BlackTeam "Cornell"]
[WhiteTeamCountry "USA"]
[BlackTeamCountry "USA"]

1. e4 c5 2. Nc3 g6 3. g3 Bg7 4. Bg2 Nc6 5. d3 d6 6. Be3 Nf6 7. h3 0-0 8. Qd2 Nd4 9. Nce2 e5 10. c3 Nc6 11. f4 Re8 12. Nf3 c4 13. fxe5 dxe5 14. dxc4 Nxe4 15. Qxd8 Rxd8 16. Nxe5 Nxe5 17. Bxe4 Nxc4 18. Bc1 Re8 19. Bd3 Be6 20. Kf2 Ne5 21. Bb5 Red8 22. Nf4 Bf5 23. Be3 a6 24. Be2 Bh6 25. Rad1 Bxf4 26. Bxf4 Nd3+ 27. Bxd3 Bxd3 28. Bg5 Be4 29. Bxd8 Bxh1 30. Bf6 Bc6 31. g4 h6 32. h4 Re8 33. g5 Kh7 34. b3 Bb5 35. c4 Bc6 36. Rd4 Re4 37. Rd8 Re8 38. Rd2 Re4 39. a4 Re8 40. Rd4 Re4 41. Rxe4 Bxe4 42. b4 Bd3 43. c5 Bc2 44. a5 hxg5 45. hxg5 Be4 46. Ke3 Bc6 47. Kd4 Kg8 48. Be7 f5 49. gxf6 Kf7 50. Ke5 Bf3 51. Kd6 g5 52. Ke5 g4 53. Kf4 Kg6 54. Bd8 Kf7 55. Be7 Kg6 56. Kg3 Kf7 57. Kh4 Kg6 58. Bd8 Be2 59. Kg3 Bf3 60. Kf2 Kf7 61. Ke3 Ke6 62. Kf4 Kf7 63. Kf5 Be2 64. Bc7 Bf3 65. Be5 Be2 66. Bg3 Bf3 67. Ke5 Bc6 68. Bh4 Bf3 69. Kf5 Be2 70. Kf4 Bf3 71. Ke5 Bh1 72. Bg5 Bf3 73. Bf4 Bh1 74. Bh2 Bf3 75. Bg3 Bh1 76. Bh4 Bf3 77. Bf2 Bh1 78. Bd4 Bf3 79. Kf5 Be2 80. Kf4 Bf3 81. Ke5 Bh1 82. Kd6 Bf3 83. Kc7 g3 84. Kb6 g2 85. b5 axb5 86. Kxb5 g1Q 87. Bxg1 Kxf6 88. Kb6 Bh1 89. Bd4+ Ke6 90. c6 Bxc6 91. a6 bxa6 92. Kxa6 1/2-1/2

[Event "NRW-ch Seniors 19th"]
[Site "Hattingen"]
[Date "2008.05.23"]
[Round "5"]
[White "Bachmann, Karlheinz"]
[Black "Veksler, Aleksander L"]
[Result "1/2-1/2"]
[WhiteElo "2155"]
[BlackElo "1914"]
[PlyCount "54"]
[EventDate "2008.05.19"]
[EventType "swiss"]
[EventRounds "9"]
[EventCountry "GER"]
[SourceTitle "EXT 2010"]
[Source "ChessBase"]
[SourceDate "2010.11.25"]
[SourceVersion "1"]
[SourceVersionDate "2010.11.25"]
[SourceQuality "1"]

1. c4 e5 2. Nc3 Nc6 3. g3 Bb4 4. Bg2 Nf6 5. Nf3 0-0 6. 0-0 Re8 7. d3 h6 8. e4 d6 9. h3 a5 10. Nd5 Bc5 11. Be3 Bd7 12. Kh2 Nb4 13. Nh4 Nbxd5 14. exd5 c6 15. dxc6 Bxc6 16. Bxc6 bxc6 17. Nf5 Bxe3 18. fxe3 Re6 19. Rc1 Ra7 20. Rc2 Kh7 21. Rcf2 g6 22. Nh4 Kg7 23. Ng2 Nh7 24. e4 Rf6 25. Ne3 Rxf2+ 26. Rxf2 Ng5 27. h4 Ne6 1/2-1/2

[Event "Ruhrgebiet VK3 0708"]
[Site "Germany"]
[Date "2008.04.27"]
[Round "9.8"]
[White "Veksler, Aleksander L"]
[Black "Bernhard, Alfred"]
[Result "1/2-1/2"]
[WhiteElo "1935"]
[BlackElo "1839"]
[PlyCount "88"]
[EventDate "2007.09.16"]
[EventType "team"]
[EventRounds "9"]
[EventCountry "GER"]
[SourceTitle "EXT 2009"]
[Source "ChessBase"]
[SourceDate "2008.11.26"]
[SourceVersion "1"]
[SourceVersionDate "2008.11.26"]
[SourceQuality "1"]
[WhiteTeam "Dortmund FS 98"]
[BlackTeam "Oberhausen III"]
[WhiteTeamCountry "GER"]
[BlackTeamCountry "GER"]

1. e4 d6 2. d4 g6 3. f4 Bg7 4. Nf3 c6 5. Nc3 Nd7 6. Bc4 Nb6 7. Be2 Nf6 8. 0-0 0-0 9. Qe1 e6 10. h3 d5 11. e5 Ne4 12. Bd3 f5 13. exf6 Nxf6 14. Be3 Nh5 15. Ne5 Bh6 16. Ne2 Bg7 17. c3 Nd7 18. Qd2 Nhf6 19. Qc2 Nxe5 20. fxe5 Nd7 21. Qd2 b5 22. Bg5 Qe8 23. Rxf8+ Nxf8 24. Rf1 a6 25. Qf4 Ra7 26. Qh4 Rf7 27. Ng3 Nd7 28. Rxf7 Qxf7 29. Nf1 c5 30. Ne3 cxd4 31. cxd4 Nb8 32. Ng4 Nc6 33. Be3 Qe7 34. Qxe7 Nxe7 35. Nh2 Kf7 36. g4 h6 37. Kf2 Nc6 38. a3 Bd7 39. Nf3 g5 40. Ke2 Bf8 41. h4 Be7 42. hxg5 hxg5 43. Kd2 Kg7 44. a4 Nb4 1/2-1/2

[Event "NRW-ch Seniors 17th"]
[Site "Hattingen"]
[Date "2006.05.18"]
[Round "9"]
[White "Veksler, Aleksander L"]
[Black "Johannsen, Ingbert"]
[Result "1-0"]
[WhiteElo "1950"]
[BlackElo "1988"]
[PlyCount "117"]
[EventDate "2006.05.08"]
[EventType "swiss"]
[EventRounds "9"]
[EventCountry "GER"]
[SourceTitle "EXT 2007"]
[Source "ChessBase"]
[SourceDate "2006.11.23"]
[SourceVersion "1"]
[SourceVersionDate "2006.11.23"]
[SourceQuality "1"]

1. e4 c6 2. Nc3 d5 3. d4 dxe4 4. Nxe4 Nd7 5. Bc4 Ndf6 6. Ng5 e6 7. Ne2 Bd6 8. 0-0 Ne7 9. Ng3 0-0 10. N3e4 Nf5 11. Nxd6 Qxd6 12. c3 b6 13. Bd3 Bb7 14. Ne4 Nxe4 15. Bxe4 Ne7 16. Qc2 f5 17. Bd3 c5 18. dxc5 Qc6 19. f3 Qxc5+ 20. Qf2 Qc7 21. Re1 e5 22. Qh4 Rac8 23. Bc2 Rce8 24. Be3 Nd5 25. Bd2 Nf6 26. Bxf5 Qc5+ 27. Be3 Qb5 28. Qb4 Qxb4 29. cxb4 Nd5 30. Be4 Rd8 31. Bg5 Rd7 32. a3 h6 33. Bh4 Ba6 34. Rad1 Bc4 35. Bg3 Re8 36. Bxd5+ Rxd5 37. Rxd5 Bxd5 38. Bxe5 b5 39. f4 Kf7 40. Rc1 Re7 41. Rc5 Bc4 42. b3 Bxb3 43. Rxb5 g5 44. Ra5 Ke6 45. fxg5 hxg5 46. Bd4 Rd7 47. Be3 g4 48. Rxa7 Rd3 49. Kf2 Bd5 50. b5 Rb3 51. b6 g3+ 52. hxg3 Rb2+ 53. Ke1 Bxg2 54. a4 Bc6 55. a5 Kd5 56. Re7 Ra2 57. b7 Bxb7 58. Rxb7 Rxa5 59. Kf2 1-0

[Event "NRW-ch Seniors 17th"]
[Site "Hattingen"]
[Date "2006.05.08"]
[Round "1"]
[White "Bachmann, Karlheinz"]
[Black "Veksler, Aleksander L"]
[Result "1-0"]
[WhiteElo "2210"]
[BlackElo "1950"]
[PlyCount "53"]
[EventDate "2006.05.08"]
[EventType "swiss"]
[EventRounds "9"]
[EventCountry "GER"]
[SourceTitle "EXT 2007"]
[Source "ChessBase"]
[SourceDate "2006.11.23"]
[SourceVersion "1"]
[SourceVersionDate "2006.11.23"]
[SourceQuality "1"]

1. c4 Nf6 2. d4 e6 3. Nc3 d5 4. Bg5 c6 5. e3 Bb4 6. Rc1 Nbd7 7. cxd5 exd5 8. Bd3 0-0 9. Nf3 h6 10. Bh4 Qa5 11. Qb3 Re8 12. 0-0 Bxc3 13. bxc3 Ne4 14. c4 dxc4 15. Bxc4 Nd6 16. Bd3 Nf5 17. Bg3 Nxg3 18. hxg3 Nf6 19. Ne5 Re7 20. Bc4 Be6 21. Bxe6 fxe6 22. Ng6 Rf7 23. Rc5 Qc7 24. Qxe6 Re8 25. Qb3 Ne4 26. Re5 Rxe5 27. Nxe5 1-0

[Event "Ruhrgebiet VL2 0405"]
[Site "Ruhrgebiet"]
[Date "2005.04.10"]
[Round "9.4"]
[White "Veksler, Aleksander L"]
[Black "Patzer, Joerg"]
[Result "1/2-1/2"]
[WhiteElo "1946"]
[BlackElo "2000"]
[PlyCount "44"]
[EventDate "2004.09.12"]
[EventType "team"]
[EventRounds "9"]
[EventCountry "GER"]
[SourceTitle "EXT 2006"]
[Source "ChessBase"]
[SourceDate "2005.11.24"]
[SourceVersion "1"]
[SourceVersionDate "2005.11.24"]
[SourceQuality "1"]
[WhiteTeam "Dortmund FS 98"]
[BlackTeam "Horst"]
[WhiteTeamCountry "GER"]
[BlackTeamCountry "GER"]

1. e4 d6 2. d4 Nf6 3. Bd3 g6 4. Ne2 c5 5. c3 Bg7 6. 0-0 0-0 7. Bg5 h6 8. Be3 Ng4 9. Bc1 e5 10. f3 Nf6 11. dxc5 dxc5 12. Be3 Qc7 13. Bc4 b6 14. a4 Ba6 15. Na3 Bxc4 16. Nxc4 Rd8 17. Qc1 Kh7 18. Rd1 Nc6 19. Qc2 Rxd1+ 20. Rxd1 Rd8 21. Bf2 Rxd1+ 22. Qxd1 Qd7 1/2-1/2

[Event "Ruhrgebiet VL2 0405"]
[Site "Ruhrgebiet"]
[Date "2004.11.28"]
[Round "4.6"]
[White "Mittelbachert, Ulrich"]
[Black "Veksler, Aleksander L"]
[Result "1/2-1/2"]
[WhiteElo "1907"]
[BlackElo "1946"]
[PlyCount "41"]
[EventDate "2004.09.12"]
[EventType "team"]
[EventRounds "9"]
[EventCountry "GER"]
[SourceTitle "EXT 2006"]
[Source "ChessBase"]
[SourceDate "2005.11.24"]
[SourceVersion "1"]
[SourceVersionDate "2005.11.24"]
[SourceQuality "1"]
[WhiteTeam "Castrop Rauxel II"]
[BlackTeam "Dortmund FS 98"]
[WhiteTeamCountry "GER"]
[BlackTeamCountry "GER"]

1. Nf3 d5 2. b4 Bg4 3. Bb2 Nd7 4. c4 Ngf6 5. Qb3 e6 6. e3 c6 7. Be2 Be7 8. 0-0 0-0 9. h3 Bh5 10. d3 a5 11. a3 axb4 12. axb4 Qb6 13. Rxa8 Rxa8 14. b5 Nc5 15. Bd4 e5 16. Bxc5 Qxc5 17. bxc6 bxc6 18. cxd5 Bxf3 19. Bxf3 cxd5 20. Qb7 Rd8 21. d4 1/2-1/2

[Event "Ruhrgebiet VL2 0405"]
[Site "Ruhrgebiet"]
[Date "2004.10.31"]
[Round "3.6"]
[White "Veksler, Aleksander L"]
[Black "Ozerov, Ilja"]
[Result "1-0"]
[WhiteElo "1946"]
[BlackElo "1954"]
[PlyCount "97"]
[EventDate "2004.09.12"]
[EventType "team"]
[EventRounds "9"]
[EventCountry "GER"]
[SourceTitle "EXT 2006"]
[Source "ChessBase"]
[SourceDate "2005.11.24"]
[SourceVersion "1"]
[SourceVersionDate "2005.11.24"]
[SourceQuality "1"]
[WhiteTeam "Dortmund FS 98"]
[BlackTeam "Muelheim Nord III"]
[WhiteTeamCountry "GER"]
[BlackTeamCountry "GER"]

1. e4 e6 2. d4 d5 3. Nc3 Bb4 4. e5 Ne7 5. a3 Bxc3+ 6. bxc3 c5 7. f4 Bd7 8. Nf3 Ba4 9. Rb1 Qc7 10. Bb5+ Bxb5 11. Rxb5 Nd7 12. 0-0 0-0 13. Rf2 a6 14. Rb3 c4 15. Rb1 Nb6 16. g4 Na4 17. Bd2 g6 18. Qf1 Kg7 19. f5 exf5 20. Qh3 h5 21. gxh5 Rh8 22. h6+ Kg8 23. Qh4 Rh7 24. Ng5 Nc6 25. Nxh7 Kxh7 26. Qf6 Rg8 27. Kh1 Nd8 28. h4 Ne6 29. h5 Qd7 30. Rg1 Qe8 31. Rfg2 b5 32. Qh4 Qd7 33. Qf2 Qe7 34. Qf3 Qh4+ 35. Rh2 Qd8 36. Rh3 Qd7 37. Bg5 Nxg5 38. Rxg5 Qe6 39. hxg6+ fxg6 40. Qf4 Nb6 41. Rg1 Qe7 42. e6 Qxe6 43. Re3 Qf7 44. Rge1 Nc8 45. Qg5 Qf8 46. Kg2 Nd6 47. Re7+ Kh8 48. R1e6 Ne4 49. Qf4 1-0

[Event "Ruhrgebiet VL1 0304"]
[Site "Ruhrgebiet"]
[Date "2003.11.09"]
[Round "3.6"]
[White "Weiss, Thomas"]
[Black "Veksler, Aleksander L"]
[Result "1-0"]
[WhiteElo "2030"]
[BlackElo "1971"]
[PlyCount "77"]
[EventDate "2003.09.28"]
[EventType "team"]
[EventRounds "9"]
[EventCountry "GER"]
[SourceTitle "EXT 2007"]
[Source "ChessBase"]
[SourceDate "2006.11.23"]
[SourceVersion "1"]
[SourceVersionDate "2006.11.23"]
[SourceQuality "1"]
[WhiteTeam "Oberhausen"]
[BlackTeam "Dortmund FS 98"]
[WhiteTeamCountry "GER"]
[BlackTeamCountry "GER"]

1. d4 d5 2. c4 c6 3. Nf3 Nf6 4. e3 Bf5 5. cxd5 cxd5 6. Nc3 e6 7. Ne5 Nbd7 8. g4 Bg6 9. h4 h6 10. Nxg6 fxg6 11. Bd3 Bb4 12. Bxg6+ Ke7 13. Bd2 Rc8 14. Rg1 Nf8 15. Bd3 a6 16. g5 hxg5 17. hxg5 Ne8 18. Nxd5+ Qxd5 19. Bxb4+ Kf7 20. e4 Qxd4 21. Qf3+ Nf6 22. Bxf8 Qxb2 23. Rd1 Rcxf8 24. gxf6 gxf6 25. Rb1 Qc3+ 26. Ke2 b5 27. Rbc1 Qe5 28. Qg3 Qxg3 29. Rxg3 Rc8 30. Rgg1 Rhd8 31. Rxc8 Rxc8 32. Kd2 Ke7 33. Rc1 Rb8 34. Rc6 a5 35. Rc5 b4 36. Rxa5 b3 37. a4 Kd6 38. Rb5 Ra8 39. a5 1-0

[Event "NRW-ch op Seniors 14th"]
[Site "Beverungen"]
[Date "2003.06.20"]
[Round "7.3"]
[White "Bogorad, Michail"]
[Black "Veksler, Aleksander L"]
[Result "1/2-1/2"]
[WhiteElo "2193"]
[BlackElo "1949"]
[PlyCount "76"]
[EventDate "2003.06.14"]
[EventType "swiss"]
[EventRounds "9"]
[EventCountry "GER"]
[SourceTitle "EXT 2004"]
[Source "ChessBase"]
[SourceDate "2003.11.25"]
[SourceVersion "1"]
[SourceVersionDate "2003.11.25"]
[SourceQuality "1"]

1. e4 e5 2. f4 d5 3. exd5 e4 4. d3 exd3 5. Qxd3 Nf6 6. Nc3 Be7 7. Be3 0-0 8. 0-0-0 Ng4 9. Bd4 c5 10. h3 g6 11. hxg4 cxd4 12. Qxd4 Bxg4 13. Nf3 Bf6 14. Qd2 Nd7 15. f5 Bxf3 16. gxf3 Re8 17. fxg6 hxg6 18. f4 Qb6 19. Rh3 Nc5 20. Bd3 Rad8 21. Rdh1 Qb4 22. Qh2 Qd4 23. Bb5 Re3 24. Rxe3 Qxe3+ 25. Qd2 Qf3 26. Rf1 Bxc3 27. Rxf3 Bxd2+ 28. Kxd2 Rxd5+ 29. Bd3 Nxd3 30. cxd3 Kg7 31. Ke3 Kf6 32. Ke4 Rd8 33. d4 Ke6 34. Rc3 Kd6 35. Rc5 Rh8 36. Rd5+ Kc6 37. Rc5+ Kd6 38. Rd5+ Kc6 1/2-1/2

[Event "Nordrhein Westfalen-ch Seniors 13th"]
[Site "Bad Salzuflen"]
[Date "2002.06.16"]
[Round "9"]
[White "Ruerup, Hans Heinz"]
[Black "Veksler, Aleksander L"]
[Result "1-0"]
[WhiteElo "1918"]
[BlackElo "2000"]
[PlyCount "100"]
[EventDate "2002.06.??"]
[EventType "swiss"]
[EventRounds "9"]
[EventCountry "GER"]
[SourceTitle "EXT 2006"]
[Source "ChessBase"]
[SourceDate "2005.11.24"]
[SourceVersion "1"]
[SourceVersionDate "2005.11.24"]
[SourceQuality "1"]

1. e4 e5 2. Bc4 Nc6 3. Nf3 Nf6 4. d3 Be7 5. 0-0 d6 6. a4 Bg4 7. c3 0-0 8. Re1 h6 9. h3 Bh5 10. Nbd2 Nd7 11. Nf1 Bf6 12. a5 Ne7 13. Ng3 Bg6 14. Be3 c6 15. Qb3 Qc7 16. Nh2 b5 17. axb6 axb6 18. d4 Bh4 19. Rxa8 Rxa8 20. Nf5 Nxf5 21. exf5 Bxf5 22. Bxf7+ Kh8 23. Be6 Bxe6 24. Qxe6 exd4 25. cxd4 Nf8 26. Qf5 Nd7 27. Nf3 Bf6 28. Qh5 Rf8 29. Rc1 c5 30. dxc5 dxc5 31. b4 Bb2 32. Rc2 Nf6 33. Qg6 Ba3 34. bxc5 Bxc5 35. Nh4 Qf7 36. Bxc5 bxc5 37. Rxc5 Qe7 38. Qxh6+ Kg8 39. Qc1 Re8 40. Qc4+ Kh7 41. Qc2+ Kg8 42. Nf3 Qd6 43. Qc4+ Kh8 44. Ng5 Qd1+ 45. Kh2 Rf8 46. Rc8 Qd6+ 47. g3 Qe7 48. Qf7 Qxf7 49. Nxf7+ Kg8 50. Rxf8+ Kxf8 1-0

[Event "Nordrhein Westfalen-ch Seniors 13th"]
[Site "Bad Salzuflen"]
[Date "2002.06.14"]
[Round "7"]
[White "Dorawa, Bernhard"]
[Black "Veksler, Aleksander L"]
[Result "1/2-1/2"]
[WhiteElo "2153"]
[BlackElo "2000"]
[PlyCount "61"]
[EventDate "2002.06.??"]
[EventType "swiss"]
[EventRounds "9"]
[EventCountry "GER"]
[SourceTitle "EXT 2006"]
[Source "ChessBase"]
[SourceDate "2005.11.24"]
[SourceVersion "1"]
[SourceVersionDate "2005.11.24"]
[SourceQuality "1"]

1. e4 e5 2. Nf3 Nc6 3. Bb5 a6 4. Ba4 Nf6 5. Qe2 b5 6. Bb3 Be7 7. c3 0-0 8. d4 d6 9. 0-0 Bg4 10. Rd1 Qc8 11. Be3 Na5 12. Bc2 Nc4 13. Bc1 c5 14. d5 Qc7 15. h3 Bd7 16. Nbd2 Nxd2 17. Bxd2 a5 18. Nh2 b4 19. f4 exf4 20. Bxf4 Rfe8 21. Qf3 Bb5 22. Re1 Bf8 23. Ng4 Nxg4 24. Qxg4 g6 25. Qg3 Rad8 26. e5 dxe5 27. Bxe5 Bd6 28. Bxd6 Rxe1+ 29. Rxe1 Qxd6 30. Qxd6 Rxd6 31. Rd1 1/2-1/2

[Event "Nordrhein Westfalen-ch Seniors 13th"]
[Site "Bad Salzuflen"]
[Date "2002.06.13"]
[Round "6"]
[White "Veksler, Aleksander L"]
[Black "Klueglich, Hans"]
[Result "0-1"]
[WhiteElo "2000"]
[BlackElo "2082"]
[PlyCount "144"]
[EventDate "2002.06.??"]
[EventType "swiss"]
[EventRounds "9"]
[EventCountry "GER"]
[SourceTitle "EXT 2006"]
[Source "ChessBase"]
[SourceDate "2005.11.24"]
[SourceVersion "1"]
[SourceVersionDate "2005.11.24"]
[SourceQuality "1"]

1. e4 d6 2. d4 Nf6 3. Bd3 g6 4. f4 Bg7 5. Nf3 c5 6. c3 0-0 7. 0-0 Qb6 8. Qb3 Bg4 9. Be3 Qxb3 10. axb3 Bxf3 11. Rxf3 cxd4 12. Bxd4 Nc6 13. Be3 e5 14. Ra4 d5 15. exd5 Nxd5 16. g3 a6 17. Be4 Rfd8 18. Bxd5 Rxd5 19. Rf1 f5 20. fxe5 Nxe5 21. Rd4 Rad8 22. Rxd5 Rxd5 23. Bd4 Kf7 24. Na3 Bh6 25. Nc4 Nc6 26. Be3 Bxe3+ 27. Nxe3 Rd3 28. Nc2 Ne5 29. Rf2 Rd1+ 30. Kg2 Nd3 31. Re2 Nc1 32. Ne3 Rd3 33. Re1 Nxb3 34. Kf3 Rd2 35. Re2 Rxe2 36. Kxe2 Ke6 37. Kd3 Nc5+ 38. Kd4 Nd7 39. c4 Kd6 40. h3 Nc5 41. b4 Ne6+ 42. Kc3 Ng5 43. c5+ Kc6 44. Kc4 Nxh3 45. Nc2 f4 46. Nd4+ Kd7 47. gxf4 Nxf4 48. Nf3 h5 49. b5 axb5+ 50. Kxb5 Kc7 51. Kc4 Kd7 52. Kb5 Ke7 53. Kb6 Ne6 54. Kxb7 Nxc5+ 55. Kc6 Nd7 56. Kd5 Kf6 57. Ke4 g5 58. Nd4 Nc5+ 59. Ke3 g4 60. Ne2 Kg5 61. Kf2 h4 62. Kg2 Nd3 63. Kh2 Nf4 64. Nd4 g3+ 65. Kh1 h3 66. Nf3+ Kh5 67. Ne5 Ne2 68. Nf3 Kh6 69. Ne1 Kg5 70. Nf3+ Kf4 71. Ne1 Ke3 72. Nc2+ Kf2 0-1

[Event "Nordrhein Westfalen-ch Seniors 13th"]
[Site "Bad Salzuflen"]
[Date "2002.06.09"]
[Round "2"]
[White "Veksler, Aleksander L"]
[Black "Heyne, Manfred"]
[Result "1-0"]
[WhiteElo "2000"]
[BlackElo "1642"]
[PlyCount "67"]
[EventDate "2002.06.??"]
[EventType "swiss"]
[EventRounds "9"]
[EventCountry "GER"]
[SourceTitle "EXT 2006"]
[Source "ChessBase"]
[SourceDate "2005.11.24"]
[SourceVersion "1"]
[SourceVersionDate "2005.11.24"]
[SourceQuality "1"]

1. e4 c5 2. Nf3 d6 3. d4 cxd4 4. Nxd4 Nf6 5. Nc3 g6 6. Be2 Bg7 7. Be3 Nc6 8. 0-0 0-0 9. f3 Qb6 10. Na4 Qa5 11. c3 Bd7 12. b4 Qc7 13. Rc1 Rfc8 14. Nb2 a6 15. a4 Qb8 16. a5 d5 17. Bf2 dxe4 18. Nb3 Rd8 19. Bb6 exf3 20. Bxf3 Rc8 21. Nc5 Bf5 22. g4 Be6 23. g5 Ne8 24. Nxe6 fxe6 25. Nd3 Ne5 26. Bg2 Nc4 27. Qe2 e5 28. Bd5+ Kh8 29. Bc5 Ned6 30. Qg4 e4 31. Nf4 Ne5 32. Qh3 Nf3+ 33. Rxf3 exf3 34. Nxg6# 1-0

[Event "Nordrhein Westfalen-ch Seniors 13th"]
[Site "Bad Salzuflen"]
[Date "2002.06.08"]
[Round "1"]
[White "Schoerghuber, Kurt"]
[Black "Veksler, Aleksander L"]
[Result "1-0"]
[WhiteElo "1619"]
[BlackElo "2000"]
[PlyCount "75"]
[EventDate "2002.06.??"]
[EventType "swiss"]
[EventRounds "9"]
[EventCountry "GER"]
[SourceTitle "EXT 2006"]
[Source "ChessBase"]
[SourceDate "2005.11.24"]
[SourceVersion "1"]
[SourceVersionDate "2005.11.24"]
[SourceQuality "1"]

1. d4 Nf6 2. e3 d5 3. Bd3 Nc6 4. f4 Nb4 5. Nf3 Nxd3+ 6. cxd3 Bg4 7. Nbd2 g6 8. 0-0 Bg7 9. b3 0-0 10. Ba3 c6 11. Rc1 Re8 12. h3 Bf5 13. Qc2 h5 14. e4 Be6 15. Bb2 Bh6 16. Ne5 Qc8 17. Rf2 Kg7 18. Qd1 Nd7 19. Qf3 f6 20. Nxg6 Kxg6 21. f5+ Kg7 22. fxe6 Nf8 23. exd5 Qd8 24. dxc6 bxc6 25. Rxc6 Rc8 26. d5 Rxc6 27. dxc6 Nxe6 28. Ne4 Nd4 29. Qg3+ Kf7 30. Ng5+ Bxg5 31. Qxg5 Ne2+ 32. Kh1 Rh8 33. Qe3 Qd6 34. Rxe2 Rc8 35. Qxa7 Rxc6 36. Ba3 Qxd3 37. Qxe7+ Kg8 38. Qe8+ 1-0

[Event "Essen op04"]
[Site "Essen"]
[Date "2000.04.07"]
[Round "3"]
[White "Veksler, Aleksander L"]
[Black "Rother, Josef"]
[Result "1-0"]
[WhiteElo "2045"]
[BlackElo "1861"]
[PlyCount "61"]
[EventDate "2000.04.05"]
[EventType "swiss"]
[EventRounds "9"]
[EventCountry "GER"]
[SourceTitle "EXT 2007"]
[Source "ChessBase"]
[SourceDate "2006.11.23"]
[SourceVersion "1"]
[SourceVersionDate "2006.11.23"]
[SourceQuality "1"]

1. e4 c5 2. Nf3 d6 3. d4 cxd4 4. Nxd4 Nf6 5. Nc3 g6 6. Be2 Bg7 7. 0-0 0-0 8. Be3 Nc6 9. Kh1 Bd7 10. f4 e5 11. Ndb5 Ne8 12. Nxd6 Nxd6 13. Qxd6 exf4 14. Bxf4 Be6 15. Qc5 Bd4 16. Qg5 f6 17. Qg3 Qb6 18. Nb5 Be5 19. Bxe5 fxe5 20. b3 Rad8 21. Bd3 a6 22. Nc3 Qc5 23. Ne2 Nb4 24. Rxf8+ Rxf8 25. c3 Nxd3 26. Qxd3 b5 27. h3 Kg7 28. Ng1 Qf2 29. Qd6 Rf6 30. Qxe5 Qb2 31. Rf1 1-0